000 00394nam a2200169Ia 4500
005 20250423100811.0
008 250422s9999 xx 000 0 und d
020 _a978- 0- 316- 02072- 5
050 _aPS3569.H7385R46
100 _aAnita Shreve
245 0 _aRescue: a novel
260 _bBack bay books
260 _c2010
300 _a288 p
650 _aDomestic fiction
942 _cBK
999 _c34380
_d34380